|
|
|
|
| LEADER |
00901nam a22002652a 4500 |
| 001 |
000437837 |
| 003 |
CZ BrMZK |
| 005 |
20040823211516.0 |
| 007 |
ta |
| 008 |
990305s1900 xr f cze d |
| 015 |
|
|
|a cnb000991518
|
| 035 |
|
|
|a (OCoLC)85701022
|
| 040 |
|
|
|a ABA001
|b cze
|c ABA001
|d BOA001
|
| 041 |
0 |
|
|a cze
|a fre
|
| 100 |
1 |
|
|a Braunerová, Zdenka,
|d 1858-1934
|7 jk01013026
|4 aut
|
| 245 |
1 |
0 |
|a František Bílek a jeho dílo /
|c Zdeňka Braunerová
|
| 260 |
|
|
|a Praha :
|b Mánes,
|c 1900
|
| 300 |
|
|
|a l sv. (nestr.) :
|b 2 obr. příl. ;
|c 4°
|
| 500 |
|
|
|a Souběžný francouzský text
|
| 910 |
|
|
|a BOA001
|b 4-0022.318
|k k
|
| 964 |
|
|
|a Bohemika - stol. 19.
|
| 990 |
|
|
|a BK
|
| 993 |
|
|
|a Y
|
| 996 |
6 |
|
|b 2619753659
|c 4-0022.318
|l MZK
|r Sklad / do 24 hodin
|n 15
|w 000437837
|u 000020
|a 1
|e BOA001
|j MZK50
|s P
|
| 996 |
6 |
|
|b 2619791836
|c 4-0022.318
|l MZK
|r Sklad / do 24 hodin
|n 7
|w 000437837
|u 000010
|a 1
|e BOA001
|j MZK50
|s P
|